000
00338 a2200157 4500
001
45288
020
_a
9788575037614
040
_c
Anchieta - Aquarius
100
_a
Duda, Christian
240
1
0
_a
Todos os patinhos
_l
por
245
1
0
_a
Todos os patinhos
300
_a
362
0
_a
2009
650
4
_a
Literatura infantil
942
_c
BK
999
_c
45288
_d
45288